00474nam a2200169 i 450000100060000000300090000600500170001500700030003200800410003510000150007624500530009126000630014430000300020749000230023783000230026085200210028344943ES-MaACL20230906161126.0t|030324s1922 fr ||||1| fre d1 aCluzet, J.10aPrécis de physique medicale / cpar J. Cluzet. aParís : bGaston Doin, c1922 (eDijon : fDarantiére) a792 p. : bil. ; c19 cm.1 aColección testut0 aColección testut aES-MaACLjF-2615